Measurement of Police Integrity, Final Report

Guardado en:  
Detalles Bibliográficos
Autores principales: Klockars, Carl B. -2003 (Autor) ; Haberfeld, Maria R. 1957- (Autor) ; Harver, William E. (Autor) ; Ivkovich, Sanja K. (Autor)
Tipo de documento: Electrónico Libro
Lenguaje:Inglés
Publicado: [Erscheinungsort nicht ermittelbar] United States Department of Justice, National Institute of Justice 1997
En:Año: 1997
Acceso en línea: Volltext (lizenzpflichtig)
Verificar disponibilidad: HBZ Gateway
Servicio de pedido Subito: Pedir ahora.

MARC

LEADER 00000cam a22000002c 4500
001 1912618079
003 DE-627
005 20250126055026.0
007 cr uuu---uuuuu
008 241217s1997 xx |||||o 00| ||eng c
035 |a (DE-627)1912618079 
035 |a (DE-599)KXP1912618079 
040 |a DE-627  |b ger  |c DE-627  |e rda 
041 |a eng 
084 |a 2,1  |2 ssgn 
100 1 |a Klockars, Carl B.  |d -2003  |e VerfasserIn  |0 (DE-588)1075351006  |0 (DE-627)833217054  |0 (DE-576)161742114  |4 aut 
109 |a Klockars, Carl B. -2003 
245 1 0 |a Measurement of Police Integrity, Final Report 
264 1 |a [Erscheinungsort nicht ermittelbar]  |b United States Department of Justice, National Institute of Justice  |c 1997 
336 |a Text  |b txt  |2 rdacontent 
337 |a Computermedien  |b c  |2 rdamedia 
338 |a Online-Ressource  |b cr  |2 rdacarrier 
700 1 |a Haberfeld, Maria R.  |d 1957-  |e VerfasserIn  |0 (DE-588)143390031  |0 (DE-627)645144711  |0 (DE-576)170774929  |4 aut 
700 1 |a Harver, William E.  |e VerfasserIn  |4 aut 
700 1 |a Ivkovich, Sanja K.  |e VerfasserIn  |4 aut 
787 0 8 |i Forschungsdaten  |a Klockars, Carl B.  |t Police Corruption in Thirty Agencies in the United States, 1997  |d [Erscheinungsort nicht ermittelbar] : [Verlag nicht ermittelbar], 1999  |w (DE-627)1840065230 
856 4 0 |u https://www.ncjrs.gov/App/Publications/abstract.aspx?ID=171654  |x Verlag  |z lizenzpflichtig  |3 Volltext  |7 1 
935 |a mkri 
951 |a BO 
ELC |a 1 
LOK |0 000 xxxxxcx a22 zn 4500 
LOK |0 001 4637583594 
LOK |0 003 DE-627 
LOK |0 004 1912618079 
LOK |0 005 20241217044705 
LOK |0 008 241217||||||||||||||||ger||||||| 
LOK |0 035   |a (DE-2619)ICPSR17329 
LOK |0 040   |a DE-2619  |c DE-627  |d DE-2619 
LOK |0 092   |o n 
LOK |0 852   |a DE-2619 
LOK |0 852 1  |9 00 
LOK |0 935   |a nacp 
LOK |0 939   |a 17-12-24  |b l01 
ORI |a SA-MARC-krimdoka001.raw